To-day and To-morrow (Record no. 552675)
[ view plain ]
| 000 -LEADER | |
|---|---|
| fixed length control field | 00286nam a22001217a 4500 |
| 082 ## - DEWEY DECIMAL CLASSIFICATION NUMBER | |
| Classification number | 508 |
| Author Mark | CUR |
| 100 ## - MAIN ENTRY--PERSONAL NAME | |
| Personal name | Curle, J.H |
| 9 (RLIN) | 49938 |
| 245 ## - TITLE STATEMENT | |
| Title | To-day and To-morrow |
| Statement of responsibility, etc. | J.H.Curle, |
| 300 ## - PHYSICAL DESCRIPTION | |
| Extent | 218,: |
| 526 ## - STUDY PROGRAM INFORMATION NOTE | |
| Program name | 0 |
| Interest level | 0 |
| Reading level | 0 |
| Title point value | 508_000000000000000_CUR |
| 650 ## - SUBJECT ADDED ENTRY--TOPICAL TERM | |
| Topical term or geographic name entry element | MCE |
| 9 (RLIN) | 379 |
| 942 ## - ADDED ENTRY ELEMENTS (KOHA) | |
| Source of classification or shelving scheme | |
| Koha item type | Book |
| Withdrawn status | Lost status | Source of classification or shelving scheme | Damaged status | Not for loan | Permanent Location | Current Location | Shelving location | Date acquired | Total Checkouts | Full call number | Barcode | Date last seen | Price effective from | Koha item type |
|---|---|---|---|---|---|---|---|---|---|---|---|---|---|---|
| Military College of Engineering (MCE) | Military College of Engineering (MCE) | 01/20/2015 | 508 CUR | MCE-ECT/9 | 01/20/2015 | 01/20/2015 | Book |
